000 00291nam a22001337a 4500
008 170821b xxu||||| |||| 00| 0 eng d
020 _a070522472
041 _aeng
080 _a51
100 _a37
101 _aMAT
245 _aMODERN ELEMENTARY ALGEBRA
_cRICH.B
942 _2udc
_cBK
999 _c24249
_d24249